| 000 | 00611nam a2200229Ia 4500 | ||
|---|---|---|---|
| 008 | 180523s9999 xx 000 0 und d | ||
| 020 | _a978-0-273-77982-7 | ||
| 050 | _aMAIN HF 5415 | ||
| 050 | _b.K68 2013 | ||
| 100 | _aKotler, Philip. | ||
| 245 | 0 | _aPrinciples of marketing / | |
| 245 | 0 | _cPhilip Kotler, Gary Armstrong. | |
| 250 | _a14th Edition | ||
| 260 | _aEngland : | ||
| 260 | _bPearson Education Limited | ||
| 260 | _c2013 | ||
| 300 | _a636 pages : | ||
| 300 | _billustrations ; | ||
| 300 | _c28 cm. | ||
| 500 | _aIncludes bibliographical references and index. | ||
| 650 | _aMarketing. | ||
| 999 |
_c357048 _d357048 |
||